000 00462 a2200169 4500
999 _c384
_d384
008 221215b ||||| |||| 00| 0 eng d
020 _a9788121925372
082 0 0 _a621.815
_bK459
100 _aKhurmi, R. S.
_915
245 _aA textbook of machine design /
_cR.S. Khurmi, and J.K. Gupta
250 _a14th ed.
260 _aNew Delhi:
_bS.Chand,
_c2015.
300 _axvi, 1230 p.
650 0 _aMachine Design
700 _917
_aGupta, J. K.
942 _2ddc
_cBK